Las Fuentes del Derecho y el Derecho Agrario Cubano

Detalles Bibliográficos
Autor principal: Přez Carrillo, Juan Ramn̤
Formato: Software Libro
Lenguaje:español
Publicado: Madrid Dykinson 2015
Materias:
Acceso en línea:Acceso restringido

MARC

LEADER 00000nam a22000007a 4500
005 20160526151224.0
007 c||||| ||u|
008 160526s2015 sp ||||| |||| 00||0 spa d
020 |a 978-84-9085-398-6 
035 |a 14273 
040 |a vLex  
090 |c 6159  |d 6159 
100 1 |a Přez Carrillo, Juan Ramn̤ 
245 |a Las Fuentes del Derecho y el Derecho Agrario Cubano  |h [Recurso electrn̤ico] /  |c Juan Ramn̤ Přez Carrillo 
256 |a Servicio en ln̕ea 
260 |a Madrid  |b Dykinson  |c 2015 
300 |a 1 recurso electrn̤ico 
506 1 |a Contenido solo disponible en los productos indicados  |d vLex Global  |d vLex Global (Academic Edition, excluding Law Schools)  |d vLex Global (U.S. Academic Edition, Law Schools)  |d vLex Global (U.S. Academic Edition, excluding Law Schools)  |d vLex Global (Academic Edition, Law Schools) 
650 0 4 |a Derecho  |z Madrid 
740 0 |a vLex libros (servicio en ln̕ea)  
856 4 0 |u http://vlex.com/source/fuentes-derecho-derecho-agrario-cubano-14273  |z Acceso restringido  
942 |c BOOK 
999 0 |a Law  |b Madrid